00872 a2200133 4500003000500000005001700005040000900022082001200031100002000043245006000063260003400123300001400157505056700171NUST20221206140536.0 cNust a158,CAR aCarnegie, Dale  aHow to Stop Worrying and start living /cDale Carnegie  aindiabThe Worlds Work c1913 ax,324 p.: aFundamental Facts you Should know about Worry (Page-7), Basic Techniques in Analysis Worry (Page-37), How to break the Worry Habit Before it breaks you (Page-53), Seven ways to Cultivate A Mental Attitude that will bring you Peace and Happiness(Page-99), The Golden Rule for Conquering Worry (Page-166), How to keep from Worrying about Criticism (Page-185), Six way to prevent fatigue and worry and keep your Energy and Spirits High (Page-199), How to Find the Kind of Work in which you may be Happy and Successful (Page-235), How I Conquered Worry (Page-256).